| 000 | 01340nam a2200361 i 4500 | ||
|---|---|---|---|
| 001 | 768714001 | ||
| 003 | CO-MdFUSB | ||
| 005 | 20240618062722.0 | ||
| 007 | ta | ||
| 008 | 211015t1990 -us |||| |||| 00| 0 eng d | ||
| 020 | _a9780830849055 | ||
| 040 |
_aCO-MdFUSB _bspa _cCO-MdFUSB _dCO-MdFUSBC _erda |
||
| 041 | _aeng | ||
| 082 |
_223 _a266 _bC212 |
||
| 100 |
_aCanales, Isaac, _eautor |
||
| 245 | 1 |
_aMulti-ethnicity : _b6 studies for individuals or groups _c/ Isaac Canales ; Erin Dufault |
|
| 264 | 1 |
_aDowners Grove, Ill. : _bInterVarsity Press, _c[1990] |
|
| 264 | 4 | _c© 1990 | |
| 300 |
_a47 páginas _c; 21 cm |
||
| 336 |
_2rdacontent _atexto _btxt |
||
| 337 |
_2rdamedia _asin mediación _bn |
||
| 338 |
_2rdacarrier _avolumen _bnc |
||
| 490 | _aGlobal Issues Bible studies. | ||
| 505 | _aBienvenidos a temas globales Estudios bíblicos - Introducción a la diversidad étnica - El propósito del Reino de Dios - La creación de la cultura - La teología de la acogida - El amor de Dios por todas las culturas - Nuestro puente con otras culturas - El ministerio del cuerpo. | ||
| 563 | _aRústico | ||
| 650 | 0 |
_aMisiones _9154 |
|
| 653 | _aRelaciones étnicas. | ||
| 653 | _aEstudio y enseñanza de la Biblia. | ||
| 700 |
_95795 _aDufault, Erin, _eautor |
||
| 942 | _cBK | ||
| 945 | _aJTF-925 | ||
| 999 |
_c66956 _d66956 |
||